A competence based constructivist tool for evaluation (Record no. 151106)

MARC details
000 -CABECERA
campo de control de longitud fija 00684nab a2200241 a 4500
005 - FECHA Y HORA DE LA ÚLTIMA TRANSACCIÓN
campo de control 20210219161112.0
008 - ELEMENTOS DE LONGITUD FIJA--INFORMACIÓN GENERAL
campo de control de longitud fija 991125s1985 mx 000 0 spa u
035 ## - NÚMERO DE CONTROL DEL SISTEMA
Número de control de sistema UPN01000179003
100 1# - ASIENTO PRINCIPAL--NOMBRE PERSONAL
Nombre de persona Ramos Alvarez, Manuel Miguel
222 ## - TÍTULO CLAVE
Título clave CULTURA Y EDUCACION :
222 ## - TÍTULO CLAVE
Información calificativa REVISTA DE TEORIA, INVESTIGACION Y PRACTICA
245 ## - MENCIÓN DE TÍTULO
Título A competence based constructivist tool for evaluation
260 ## - PUBLICACIÓN, DISTRIBUCIÓN, ETC.
Lugar de publicación, distribución, etc. Madrid, España
300 ## - DESCRIPCIÓN FÍSICA
Extensión 329-344
362 0# - FECHAS DE PUBLICACIÓN Y/O DESIGNACIÓN SECUENCIAL
Fecha de publicación y/o designación secuencial 2010 Vol. 22, no. 3
653 0# - TERMINO DE INDIZACION - NO CONTROLADO
Término no controlado CONSTRUCTIVISMO
653 0# - TERMINO DE INDIZACION - NO CONTROLADO
Término no controlado APRENDIZAJE
653 0# - TERMINO DE INDIZACION - NO CONTROLADO
Término no controlado NUEVAS TECNOLOGIAS
653 0# - TERMINO DE INDIZACION - NO CONTROLADO
Término no controlado EDUCACION SUPERIOR
700 1# - ASIENTO SECUNDARIO--NOMBRE DE PERSONAL
Nombre de persona Luque, Gloria,
700 1# - ASIENTO SECUNDARIO--NOMBRE DE PERSONAL
Término indicativo de función/relación coaut.
905 ## - TIPO DE MATERIAL
Tipo de material Articulo

No items available.